[Event "American Continental 16th"]
[Site "San Salvador"]
[Date "2022.05.03"]
[Round "3"]
[White "Mendez, Jose Pedro"]
[Black "Hernandez, Rodolfo Anibal"]
[Result "0-1"]
[WhiteElo "1822"]
[BlackElo "1625"]
[PlyCount "65"]
[EventDate "2022.05.02"]
[EventType "swiss"]
[EventRounds "11"]
[EventCountry "ESA"]
[SourceTitle "CBM 208 Extra"]
[Source "ChessBase"]
[SourceDate "2022.07.31"]
[SourceVersion "1"]
[SourceVersionDate "2022.07.31"]
[SourceQuality "1"]

1. e4 e5 2. Nf3 Nc6 3. Bc4 Nf6 4. Nc3 Bc5 5. 0-0 h6 6. d3 d6 7. Be3 Bg4 8. h3 Bh5 9. a3 Nd4 10. Bxd4 exd4 11. Nb1 Nd7 12. Nbd2 Ne5 13. Bb3 Qf6 14. Qe2 Bb6 15. c3 dxc3 16. bxc3 Nxf3+ 17. Nxf3 Qxc3 18. Bd1 0-0 19. Ra2 Bg6 20. Nh2 d5 21. Kh1 dxe4 22. dxe4 Rfe8 23. f3 f5 24. Bc2 Bf7 25. Raa1 Bc4 26. Qd1 Bxf1 27. Nxf1 Qc5 28. Ng3 Rad8 29. Qe2 Qd4 30. Rf1 Qf6 31. Nh5 Qg5 32. g4 Rd2 33. Bb3+ 0-1

[Event "Guatemala Caissa op 2nd"]
[Site "Guatemala City"]
[Date "2020.01.09"]
[Round "3"]
[White "Mendez, Jose Pedro"]
[Black "Gonzalez Zamora, Juan Carlos"]
[Result "0-1"]
[WhiteElo "1782"]
[BlackElo "2537"]
[PlyCount "92"]
[EventDate "2020.01.08"]
[EventType "swiss"]
[EventRounds "9"]
[EventCountry "GUA"]
[SourceTitle "CBM 194 Extra"]
[Source "ChessBase"]
[SourceDate "2020.03.31"]
[SourceVersion "1"]
[SourceVersionDate "2020.03.31"]
[SourceQuality "1"]

1. e4 c5 2. Nf3 Nc6 3. d4 cxd4 4. Nxd4 Nf6 5. Nc3 d6 6. f3 e5 7. Nb3 Be7 8. Be3 0-0 9. Qd2 a5 10. Na4 Be6 11. Nb6 a4 12. Nxa8 Qxa8 13. Nc1 d5 14. exd5 Nxd5 15. Bd3 a3 16. bxa3 Qxa3 17. Kf1 Qb2 18. Nb3 Nxe3+ 19. Qxe3 Bxb3 20. Qc1 Qxc1+ 21. Rxc1 Bxa2 22. g4 Bd5 23. Be4 Bxe4 24. fxe4 Rd8 25. h4 g6 26. Rh3 Kg7 27. h5 b5 28. Rc3 Rd6 29. Ra1 b4 30. Rc4 gxh5 31. gxh5 Rf6+ 32. Kg2 Nd4 33. Rc7 Bd6 34. Rd7 Nxc2 35. Rh1 Kh6 36. Rh3 Nd4 37. Rb7 b3 38. Rh1 Bc5 39. Rf1 Rxf1 40. Kxf1 Kxh5 41. Rxf7 Nc2 42. Rxh7+ Kg4 43. Ke2 b2 44. Rh1 Na3 45. Kd3 b1Q+ 46. Rxb1 Nxb1 0-1